<?xml version="1.0" encoding="UTF-8"?><?xml-stylesheet type="text/xsl" href="static/style.xsl"?><OAI-PMH xmlns="http://www.openarchives.org/OAI/2.0/" xmlns:xsi="http://www.w3.org/2001/XMLSchema-instance" xsi:schemaLocation="http://www.openarchives.org/OAI/2.0/ http://www.openarchives.org/OAI/2.0/OAI-PMH.xsd"><responseDate>2026-04-17T03:47:10Z</responseDate><request verb="GetRecord" identifier="oai:www.recercat.cat:2117/373494" metadataPrefix="marc">https://recercat.cat/oai/request</request><GetRecord><record><header><identifier>oai:recercat.cat:2117/373494</identifier><datestamp>2025-07-17T15:32:40Z</datestamp><setSpec>com_2072_1033</setSpec><setSpec>col_2072_452951</setSpec></header><metadata><record xmlns="http://www.loc.gov/MARC21/slim" xmlns:dcterms="http://purl.org/dc/terms/" xmlns:xsi="http://www.w3.org/2001/XMLSchema-instance" xmlns:doc="http://www.lyncode.com/xoai" xsi:schemaLocation="http://www.loc.gov/MARC21/slim http://www.loc.gov/standards/marcxml/schema/MARC21slim.xsd">
   <leader>00925njm 22002777a 4500</leader>
   <datafield ind2=" " ind1=" " tag="042">
      <subfield code="a">dc</subfield>
   </datafield>
   <datafield ind2=" " ind1=" " tag="720">
      <subfield code="a">Rodrigo Barnés, Albert</subfield>
      <subfield code="e">author</subfield>
   </datafield>
   <datafield ind2=" " ind1=" " tag="260">
      <subfield code="c">2022-05-03</subfield>
   </datafield>
   <datafield ind2=" " ind1=" " tag="520">
      <subfield code="a">La medición de procesos y actividades mediante KPIs (indicadores clave de desempeño) permite comprender las capacidades de rendimiento y oportunidades de mejora de las organizaciones. Los KPI sirven para evaluar el desempeño de la empresa y permiten definir y medir el progreso hacia los objetivos definidos. En la creciente competencia entre compañías y en el reto medioambiental, las empresas ven en el transporte la necesidad de reducir costes y crear un sistema de logístico más eficiente. La monitorización de los procesos es importante, porque si podemos medir el rendimiento de las actividades, estas podrán ser mejorados en un futuro. La medición de los procesos y las actividades mediante indicadores clave de rendimiento se utilizan para evaluar el estado de las operaciones logísticas. De la misma forma, los KPI permiten identificar las áreas débiles y definir las áreas de mejoras acorde con los objetivos organizacionales. La monitorización de las actividades logísticas y su medición es clave para caracterizar los procesos del transporte de mercancías, así como para apoyar la toma de decisiones a los distintos niveles de gestión empresarial. Para proporcionar un apoyo en la toma de decisiones, los gestores necesitan un conjunto de medidas clave que representen los diferentes requisitos, objetivos, uso de recursos y capacidades de las organizaciones. El proyecto presentado en este documento tiene como objetivo desarrollar una herramienta de medición genérica del rendimiento de la logística del transporte. Esta herramienta está pensada para que se use como soporte a la toma de decisiones sobre los distintos procesos operacionales a varios niveles de gestión empresarial. A lo largo del proyecto se definen los indicadores necesarios para monitorizar los procesos del transporte terrestre por grupaje para, posteriormente, presentarlos en forma de cuadro de mando para su control y mejora. Finalmente, se valida el instrumento de control con profesionales del transporte</subfield>
   </datafield>
   <datafield tag="653" ind2=" " ind1=" ">
      <subfield code="a">Àrees temàtiques de la UPC::Economia i organització d'empreses</subfield>
   </datafield>
   <datafield tag="653" ind2=" " ind1=" ">
      <subfield code="a">Business logistics</subfield>
   </datafield>
   <datafield tag="653" ind2=" " ind1=" ">
      <subfield code="a">Freight and freightage</subfield>
   </datafield>
   <datafield tag="653" ind2=" " ind1=" ">
      <subfield code="a">Métricas</subfield>
   </datafield>
   <datafield tag="653" ind2=" " ind1=" ">
      <subfield code="a">Scorecard</subfield>
   </datafield>
   <datafield tag="653" ind2=" " ind1=" ">
      <subfield code="a">Dashboard</subfield>
   </datafield>
   <datafield tag="653" ind2=" " ind1=" ">
      <subfield code="a">Key performance indicator (KPI)</subfield>
   </datafield>
   <datafield tag="653" ind2=" " ind1=" ">
      <subfield code="a">Indicadores</subfield>
   </datafield>
   <datafield tag="653" ind2=" " ind1=" ">
      <subfield code="a">Eliminación de desperdicios</subfield>
   </datafield>
   <datafield tag="653" ind2=" " ind1=" ">
      <subfield code="a">Mejora continua</subfield>
   </datafield>
   <datafield tag="653" ind2=" " ind1=" ">
      <subfield code="a">Grupaje</subfield>
   </datafield>
   <datafield tag="653" ind2=" " ind1=" ">
      <subfield code="a">Paquetería industrial</subfield>
   </datafield>
   <datafield tag="653" ind2=" " ind1=" ">
      <subfield code="a">Panel de control</subfield>
   </datafield>
   <datafield tag="653" ind2=" " ind1=" ">
      <subfield code="a">Cuadro de mando</subfield>
   </datafield>
   <datafield tag="653" ind2=" " ind1=" ">
      <subfield code="a">Kaizen</subfield>
   </datafield>
   <datafield tag="653" ind2=" " ind1=" ">
      <subfield code="a">Logística</subfield>
   </datafield>
   <datafield tag="653" ind2=" " ind1=" ">
      <subfield code="a">Logística (Indústria)</subfield>
   </datafield>
   <datafield tag="653" ind2=" " ind1=" ">
      <subfield code="a">Transport de mercaderies</subfield>
   </datafield>
   <datafield ind2="0" ind1="0" tag="245">
      <subfield code="a">Diseño de un cuadro de mando para el control y la mejora de una empresa de transporte terrestre de paquetería industrial</subfield>
   </datafield>
</record></metadata></record></GetRecord></OAI-PMH>